| 000 | 00707nam a2200205 i 4500 | ||
|---|---|---|---|
| 001 | 34302 | ||
| 003 | ES-MaACL | ||
| 005 | 20250712032635.0 | ||
| 007 | t| | ||
| 008 | 030204s1926 sp ||||1| spa d | ||
| 100 | 1 |
_aBlasco Ibáñez, Vicente, _d1867-1928 _929388 |
|
| 245 | 1 | 0 |
_aA los pies de Venus _b: (los Borgia) : novela / _cVicente Blasco Ibáñez. |
| 260 |
_aValencia : _bPrometeo, _c1926. |
||
| 300 |
_a341 p. ; _c19 cm. |
||
| 530 | _aDisponible en formato digital. | ||
| 852 |
_aES-MaACL _jB-2626 _cSPB _zRevisado enlace: 7 de julio de 2025 |
||
| 856 | 4 |
_uhttp://bdh-rd.bne.es/viewer.vm?id=0000246155&page=1 _yBiblioteca Digital Hispánica |
|
| 942 | _2udc | ||
| 999 |
_c34302 _d34302 |
||